[Event "Satka-ch"]
[Site "Satka"]
[Date "2014.12.18"]
[Round "2"]
[White "Somkin, Kirill"]
[Black "Gabaidulina, Olga"]
[Result "0-1"]
[WhiteElo "1689"]
[BlackElo "1895"]
[PlyCount "92"]
[EventDate "2014.12.17"]
[EventType "swiss"]
[EventRounds "9"]
[EventCountry "RUS"]
[SourceTitle "EXT 2023"]
[Source "ChessBase"]
[SourceDate "2022.10.05"]
[SourceVersion "1"]
[SourceVersionDate "2022.10.05"]
[SourceQuality "1"]

1. e4 d6 2. d4 Nc6 3. Nc3 e5 4. dxe5 dxe5 5. Qxd8+ Kxd8 6. Be3 Nf6 7. 0-0-0+ Ke8 8. Bb5 Bd7 9. Nf3 Bd6 10. Bc4 h6 11. Nd2 a6 12. Nd5 Nxd5 13. Bxd5 Na5 14. Nb1 Ke7 15. a3 Rhd8 16. b4 Nc6 17. c4 Kf8 18. c5 Be7 19. f4 Rab8 20. Nc3 Bf6 21. Kc2 Nd4+ 22. Bxd4 exd4 23. Ne2 Ba4+ 24. Bb3 d3+ 25. Rxd3 Rxd3 26. Kxd3 Bxb3 27. e5 Be7 28. Kc3 Bd5 29. Rg1 b6 30. Kd4 c6 31. Nc3 bxc5+ 32. bxc5 Be6 33. Rf1 Rd8+ 34. Ke4 Bxc5 35. f5 Bc4 36. Ra1 Rd4+ 37. Kf3 Rd3+ 38. Kf4 Rxc3 39. Rb1 Be3+ 40. Kg4 Be2+ 41. Kg3 Ba7+ 42. Kf4 g5+ 43. fxg6 fxg6 44. Rb7 Be3+ 45. Ke4 Bg5 46. Kd4 Rc4# 0-1

[Event "Satka-ch"]
[Site "Satka"]
[Date "2012.12.27"]
[Round "6"]
[White "Gabaidulina, Olga"]
[Black "Looshnikov, Nikolai"]
[Result "0-1"]
[WhiteElo "1895"]
[BlackElo "2498"]
[PlyCount "74"]
[EventDate "2012.12.22"]
[EventType "swiss"]
[EventRounds "9"]
[EventCountry "RUS"]
[SourceTitle "CBM 152 Extra"]
[Source "ChessBase"]
[SourceDate "2013.02.25"]
[SourceVersion "1"]
[SourceVersionDate "2013.02.25"]
[SourceQuality "1"]

1. e4 d6 2. d4 Nf6 3. Nc3 c6 4. Bc4 b5 5. Bd3 e5 6. dxe5 dxe5 7. Nf3 Bg4 8. h3 Bxf3 9. Qxf3 Nbd7 10. Bg5 Be7 11. Rd1 Qa5 12. a3 0-0 13. 0-0 Qc7 14. Ne2 Nc5 15. Ng3 Ne6 16. Be3 Rfd8 17. Nf5 Bc5 18. Bxc5 Nxc5 19. Qg3 g6 20. Nh6+ Kg7 21. Ng4 Nxg4 22. hxg4 Rd7 23. Qe3 Qb6 24. Be2 Rad8 25. Rxd7 Rxd7 26. Rd1 Rxd1+ 27. Bxd1 Na4 28. Qxb6 axb6 29. b3 Nc3 30. Bf3 Nb1 31. Be2 Nxa3 32. Bd3 Kf6 33. f3 c5 34. c4 bxc4 35. bxc4 Ke6 36. Kf2 Kd6 37. Ke3 b5 0-1

[Event "Satka Autumn op (Women)"]
[Site "Satka"]
[Date "2012.09.26"]
[Round "6"]
[White "Muksimova, Oksana"]
[Black "Gabaidulina, Olga"]
[Result "0-1"]
[WhiteElo "1794"]
[BlackElo "1894"]
[PlyCount "72"]
[EventDate "2012.09.20"]
[EventType "swiss"]
[EventRounds "9"]
[EventCountry "RUS"]
[SourceTitle "CBM 150 Extra"]
[Source "ChessBase"]
[SourceDate "2012.10.19"]
[SourceVersion "1"]
[SourceVersionDate "2012.10.19"]
[SourceQuality "1"]

1. e4 e5 2. Nf3 Nc6 3. Bc4 Bc5 4. d3 Nf6 5. c3 d6 6. b4 Bb6 7. h3 0-0 8. 0-0 Be6 9. Nbd2 a6 10. a4 Ne7 11. Qb3 Bxc4 12. Nxc4 Ba7 13. Be3 Ng6 14. g3 Qd7 15. Kg2 h6 16. b5 Bxe3 17. fxe3 axb5 18. axb5 Qe6 19. Rfe1 d5 20. exd5 Nxd5 21. Rxa8 Rxa8 22. e4 Nb6 23. Nfd2 Nxc4 24. Nxc4 h5 25. h4 Qg4 26. Kf2 Re8 27. Qd1 Qh3 28. Ne3 Qh2+ 29. Kf3 Re6 30. Qe2 Qh3 31. Nf5 Rf6 32. Ke3 Nxh4 33. Nxh4 Qxg3+ 34. Nf3 g5 35. Rh1 g4 36. Rxh5 Rxf3+ 0-1

[Event "Satka Autumn op (Women)"]
[Site "Satka"]
[Date "2012.09.24"]
[Round "4"]
[White "Nasybullina, Alfia"]
[Black "Gabaidulina, Olga"]
[Result "1-0"]
[WhiteElo "2049"]
[BlackElo "1894"]
[PlyCount "67"]
[EventDate "2012.09.20"]
[EventType "swiss"]
[EventRounds "9"]
[EventCountry "RUS"]
[SourceTitle "CBM 150 Extra"]
[Source "ChessBase"]
[SourceDate "2012.10.19"]
[SourceVersion "1"]
[SourceVersionDate "2012.10.19"]
[SourceQuality "1"]

1. d4 d5 2. c4 c6 3. Nf3 Nf6 4. Qb3 dxc4 5. Qxc4 Bg4 6. Ne5 Be6 7. Qd3 Nbd7 8. Nf3 Bg4 9. Nc3 e6 10. e4 Bb4 11. a3 Be7 12. Be2 0-0 13. 0-0 c5 14. d5 exd5 15. Nxd5 Nxd5 16. exd5 Bf6 17. Bf4 Bxf3 18. Qxf3 Bxb2 19. Rab1 Qf6 20. Bg3 b6 21. Bb5 Rad8 22. Qxf6 Bxf6 23. Bc7 Bd4 24. Rfe1 Nf6 25. d6 Rc8 26. Ba6 Rce8 27. Rxe8 Rxe8 28. Bb5 Re6 29. Kf1 Be5 30. Rd1 Kf8 31. Bb8 Re8 32. Bxe8 Kxe8 33. d7+ Nxd7 34. Bxe5 1-0

[Event "Satka Autumn op (Women)"]
[Site "Satka"]
[Date "2012.09.22"]
[Round "2"]
[White "Trubitsyna, Yulia"]
[Black "Gabaidulina, Olga"]
[Result "0-1"]
[WhiteElo "2048"]
[BlackElo "1894"]
[PlyCount "134"]
[EventDate "2012.09.20"]
[EventType "swiss"]
[EventRounds "9"]
[EventCountry "RUS"]
[SourceTitle "CBM 150 Extra"]
[Source "ChessBase"]
[SourceDate "2012.10.19"]
[SourceVersion "1"]
[SourceVersionDate "2012.10.19"]
[SourceQuality "1"]

1. Nf3 Nf6 2. g3 g6 3. Bg2 Bg7 4. 0-0 0-0 5. c4 d6 6. Nc3 e5 7. d3 Nc6 8. Rb1 a5 9. a3 Ne8 10. b4 axb4 11. axb4 h6 12. Nd2 f5 13. b5 Ne7 14. Bb2 c6 15. Ra1 Be6 16. Rxa8 Qxa8 17. Qb3 Nf6 18. Ba3 Rd8 19. Nf3 Kf7 20. Bb2 Qc8 21. Ra1 Qb8 22. Na4 Nh7 23. Bc3 Ng5 24. Nxg5+ hxg5 25. Qb2 Rh8 26. Nb6 Qg8 27. Ra8 Qh7 28. Rxh8 Qxh8 29. Qa3 Qb8 30. Bb4 c5 31. Bd2 Bf6 32. e3 g4 33. Bc3 g5 34. Qa1 Kg6 35. Qa8 Qxa8 36. Nxa8 e4 37. Bxf6 Kxf6 38. Bf1 exd3 39. Bxd3 d5 40. Nb6 dxc4 41. Nxc4 Bxc4 42. Bxc4 b6 43. Kf1 Ke5 44. Ke2 Nc8 45. f4+ gxf3+ 46. Kxf3 Nd6 47. Be2 g4+ 48. Kf2 Ke4 49. Bf1 c4 50. Ke2 Nxb5 51. Bg2+ Ke5 52. Kd2 Nc7 53. h4 gxh3 54. Bxh3 b5 55. g4 fxg4 56. Bxg4 Nd5 57. Bf3 b4 58. Bh5 b3 59. Bg6 c3+ 60. Kd3 c2 61. Kd2 Nxe3 62. Kc1 Kd4 63. Kb2 Nc4+ 64. Kc1 Kc3 65. Bxc2 b2+ 66. Kb1 Na3+ 67. Ka2 Kxc2 0-1

[Event "Satka Autumn op (Women)"]
[Site "Satka"]
[Date "2012.09.21"]
[Round "1"]
[White "Gabaidulina, Olga"]
[Black "Timofeeva, Ekaterina"]
[Result "1/2-1/2"]
[WhiteElo "1894"]
[BlackElo "2319"]
[PlyCount "135"]
[EventDate "2012.09.20"]
[EventType "swiss"]
[EventRounds "9"]
[EventCountry "RUS"]
[SourceTitle "CBM 150 Extra"]
[Source "ChessBase"]
[SourceDate "2012.10.19"]
[SourceVersion "1"]
[SourceVersionDate "2012.10.19"]
[SourceQuality "1"]

1. e4 c5 2. Nf3 e6 3. d4 cxd4 4. Nxd4 Nc6 5. Nc3 Qc7 6. Be3 Nf6 7. f3 a6 8. Qd2 b5 9. Be2 Bb7 10. 0-0-0 Ne5 11. Kb1 Nc4 12. Bxc4 Qxc4 13. Qd3 Qc7 14. Nb3 Bb4 15. Bd2 Be7 16. Ne2 d5 17. exd5 Bxd5 18. Ba5 Qb7 19. Nc3 Bc4 20. Qe3 0-0 21. Qb6 Rab8 22. Qxb7 Rxb7 23. Nd2 Bd5 24. a3 b4 25. axb4 Bxb4 26. Bxb4 Rxb4 27. b3 a5 28. Kb2 Bc6 29. Ra1 Ra8 30. Nc4 a4 31. Rhd1 Rab8 32. Ne5 Be8 33. Ra3 Kf8 34. Rda1 axb3 35. Rxb3 Rxb3+ 36. cxb3 Rd8 37. Nc4 Nd5 38. Ne4 Bb5 39. Ncd6 Bd3 40. Ra7 f5 41. Nb7 Rc8 42. Nec5 Bf1 43. Nxe6+ Ke7 44. Nxg7 Ne3 45. Nc5+ Kd6 46. b4 Bxg2 47. Rf7 Ke5 48. Nd3+ Kd4 49. Ne1 Bh3 50. Ne6+ Ke5 51. Nc5 Nd5 52. Ned3+ Kd4 53. Rxh7 Bf1 54. Rh4+ Ke3 55. Ne5 f4 56. Ncd7 Nxb4 57. Rh6 Nd5 58. h4 Bb5 59. Nf6 Nxf6 60. Rxf6 Be2 61. Ng6 Rb8+ 62. Kc3 Rc8+ 63. Kb2 Bxf3 64. Nxf4 Rh8 65. h5 Ke4 66. h6 Ke5 67. Ng6+ Kxf6 68. Nxh8 1/2-1/2

[Event "Izhevsk Corporation Cup-A 4th"]
[Site "Izhevsk"]
[Date "2012.07.16"]
[Round "2"]
[White "Gabaidulina, Olga"]
[Black "Arzamastsev, Artur"]
[Result "0-1"]
[WhiteElo "1927"]
[BlackElo "2142"]
[PlyCount "62"]
[EventDate "2012.07.15"]
[EventType "swiss"]
[EventRounds "9"]
[EventCountry "RUS"]
[SourceTitle "EXT 2013"]
[Source "ChessBase"]
[SourceDate "2012.11.22"]
[SourceVersion "1"]
[SourceVersionDate "2012.11.22"]
[SourceQuality "1"]

1. e4 c5 2. Nf3 d6 3. Bb5+ Nc6 4. 0-0 Bd7 5. c3 Nf6 6. Re1 a6 7. Bf1 Bg4 8. d3 e6 9. Be3 Be7 10. Nbd2 0-0 11. d4 d5 12. e5 Ne4 13. h3 cxd4 14. cxd4 Nxd2 15. hxg4 Nxf3+ 16. gxf3 f6 17. f4 g5 18. exf6 Bxf6 19. fxg5 Bxg5 20. Qd2 Bxe3 21. Qxe3 Qh4 22. f3 Rf6 23. Bg2 Raf8 24. Rad1 h5 25. gxh5 Qxh5 26. Qf2 R8f7 27. Re3 Rg7 28. Rd2 Rfg6 29. Qf1 Qh3 30. Red3 Rh7 31. Kf2 Qg3+ 0-1

[Event "Satka Metallurg op"]
[Site "Satka"]
[Date "2012.07.07"]
[Round "6"]
[White "Kiseleva, Olga"]
[Black "Gabaidulina, Olga"]
[Result "0-1"]
[WhiteElo "1729"]
[BlackElo "1927"]
[PlyCount "142"]
[EventDate "2012.07.02"]
[EventType "swiss"]
[EventRounds "9"]
[EventCountry "RUS"]
[SourceTitle "EXT 2013"]
[Source "ChessBase"]
[SourceDate "2012.11.22"]
[SourceVersion "1"]
[SourceVersionDate "2012.11.22"]
[SourceQuality "1"]

1. e4 e5 2. Nf3 Nc6 3. Bb5 a6 4. Bxc6 dxc6 5. 0-0 f6 6. d4 exd4 7. Nxd4 c5 8. Nb3 Qxd1 9. Rxd1 Bd7 10. Be3 b6 11. Nc3 0-0-0 12. a4 Bd6 13. a5 c4 14. Nd4 b5 15. Nd5 h5 16. f3 g5 17. Re1 Rf8 18. Ne2 Ne7 19. Nec3 Nc6 20. Rad1 Be6 21. Ne2 Kb7 22. Ra1 Bxd5 23. exd5 Nb4 24. Nd4 Nxd5 25. Nf5 Be5 26. Rab1 Nxe3 27. Rxe3 Rd8 28. Re2 Rhe8 29. Rbe1 Rf8 30. c3 h4 31. g3 hxg3 32. hxg3 Rd3 33. Kg2 Rfd8 34. Kf2 R8d7 35. Kg2 c5 36. Kf2 Rh7 37. Kg2 Rd8 38. Kf2 Rh2+ 39. Ke3 Rxe2+ 40. Kxe2 Bc7 41. Ra1 Rh8 42. Ke3 Rh2 43. Rb1 Bxa5 44. Ke4 Rd2 45. Ne3 Kc6 46. f4 gxf4 47. gxf4 Bc7 48. Ng4 a5 49. Nxf6 b4 50. Ng4 a4 51. Ne3 Kb5 52. f5 Bd8 53. Nd5 Re2+ 54. Kf4 Kc6 55. Kf3 Re5 56. Ne3 Bg5 57. Nxc4 Rxf5+ 58. Ke2 Bf6 59. cxb4 cxb4 60. Ra1 a3 61. Ra2 axb2 62. Nxb2 Bxb2 63. Rxb2 Kb5 64. Kd2 Ka4 65. Kc2 b3+ 66. Kc3 Rf3+ 67. Kd2 Ka3 68. Rb1 Ka2 69. Rd1 b2 70. Ke2 Rh3 71. Rd2 Rh2+ 0-1

[Event "Satka Metallurg op"]
[Site "Satka"]
[Date "2012.07.05"]
[Round "4"]
[White "Enderov, Vladimir"]
[Black "Gabaidulina, Olga"]
[Result "1-0"]
[WhiteElo "1927"]
[BlackElo "1927"]
[PlyCount "51"]
[EventDate "2012.07.02"]
[EventType "swiss"]
[EventRounds "9"]
[EventCountry "RUS"]
[SourceTitle "EXT 2013"]
[Source "ChessBase"]
[SourceDate "2012.11.22"]
[SourceVersion "1"]
[SourceVersionDate "2012.11.22"]
[SourceQuality "1"]

1. f4 d5 2. b3 c5 3. e3 Nc6 4. Bb5 a6 5. Bxc6+ bxc6 6. Nf3 Nf6 7. Bb2 Bf5 8. 0-0 e6 9. d3 Be7 10. Nbd2 0-0 11. Qe1 h6 12. e4 Bh7 13. Ne5 Qb6 14. Kh1 c4 15. exd5 cxd5 16. dxc4 Bxc2 17. Qg3 Bf5 18. Nd7 Qd8 19. Nxf8 Qxf8 20. cxd5 Nxd5 21. Nc4 Rc8 22. Rac1 Nb4 23. Ne5 g6 24. Nd7 Rxc1 25. Rxc1 Qd8 26. Qc3 1-0

[Event "Urals-ch"]
[Site "Satka"]
[Date "2012.03.26"]
[Round "3"]
[White "Korol, Vladimir"]
[Black "Gabaidulina, Olga"]
[Result "1-0"]
[WhiteElo "2197"]
[BlackElo "1880"]
[PlyCount "43"]
[EventDate "2012.03.24"]
[EventType "swiss"]
[EventRounds "9"]
[EventCountry "RUS"]
[SourceTitle "CBM 147 Extra"]
[Source "ChessBase"]
[SourceDate "2012.04.24"]
[SourceVersion "1"]
[SourceVersionDate "2012.04.24"]
[SourceQuality "1"]

1. Nf3 Nf6 2. d4 e6 3. c4 d5 4. Nc3 dxc4 5. Bg5 h6 6. Bh4 c5 7. e3 Nc6 8. Bxc4 cxd4 9. exd4 Be7 10. 0-0 0-0 11. Re1 a6 12. Rc1 b5 13. Bd3 Bb7 14. Bb1 Qb6 15. Ne5 Nxd4 16. Bxf6 Bxf6 17. Nd7 Qc6 18. Nxf6+ gxf6 19. Ne4 Qb6 20. Nxf6+ Kh8 21. Qh5 Kg7 22. Qe5 1-0

[Event "Urals-ch (Women)"]
[Site "Russia"]
[Date "2012.02.26"]
[Round "2"]
[White "Gabaidulina, Olga"]
[Black "Zasypkina, Evgenia"]
[Result "1/2-1/2"]
[WhiteElo "1889"]
[BlackElo "1889"]
[PlyCount "196"]
[EventDate "2012.02.25"]
[EventType "swiss"]
[EventRounds "9"]
[EventCountry "RUS"]
[SourceTitle "EXT 2014"]
[Source "ChessBase"]
[SourceDate "2013.11.20"]
[SourceVersion "1"]
[SourceVersionDate "2013.11.20"]
[SourceQuality "1"]

1. e4 c5 2. Nf3 Nc6 3. d4 cxd4 4. Nxd4 Nf6 5. Nc3 d6 6. Be3 Ng4 7. Nxc6 bxc6 8. Qd2 Nxe3 9. Qxe3 Qb6 10. Qxb6 axb6 11. g3 g6 12. Bg2 Bd7 13. Ne2 Bg7 14. c3 Kd8 15. a3 Kc7 16. 0-0 h5 17. h4 e5 18. Rad1 Be6 19. Nc1 f5 20. exf5 gxf5 21. Nd3 Raf8 22. Nb4 d5 23. c4 dxc4 24. Nxc6 e4 25. Nd4 Bxd4 26. Rxd4 Rd8 27. Rfd1 Rxd4 28. Rxd4 Kc6 29. Kf1 Kc5 30. Rd2 c3 31. Rc2 Bc4+ 32. Kg1 cxb2 33. Rxb2 Ra8 34. Bh3 Rxa3 35. Bxf5 Ra1+ 36. Kh2 Bd5 37. g4 hxg4 38. Bxg4 b5 39. h5 Ra6 40. Kg3 b4 41. Kf4 b3 42. Ke5 Bg8 43. Bf5 Ra2 44. Rb1 Rxf2 45. Kxe4 b2 46. Ke3 Rxf5 47. Rxb2 Rxh5 48. Rf2 Bd5 49. Kd3 Rh3+ 50. Kd2 Kd4 51. Rf4+ Be4 52. Rf2 Ra3 53. Re2 Bf3 54. Rf2 Rd3+ 55. Kc2 Bd1+ 56. Kb2 Rb3+ 57. Kc1 Ke3 58. Rb2 Rd3 59. Rh2 Bf3 60. Kb2 Rd8 61. Kc3 Rc8+ 62. Kb2 Be2 63. Rh3+ Kd2 64. Rb3 Rc2+ 65. Ka3 Rc7 66. Kb2 Bd3 67. Rb4 Rc2+ 68. Ka3 Kc1 69. Rd4 Rc3+ 70. Kb4 Kc2 71. Ka5 Rc6 72. Kb4 Kd2 73. Rd5 Rc8 74. Rd6 Kc2 75. Rb6 Kb2 76. Rd6 Rb8+ 77. Kc5 Kc3 78. Rb6 Rh8 79. Kd6 Rh6+ 80. Kc5 Rh5+ 81. Kd6 Kd4 82. Rb4+ Bc4 83. Rb6 Bb5 84. Ke7 Kc5 85. Rf6 Bc4 86. Rf4 Kd5 87. Kf6 Bd3 88. Rg4 Rf5+ 89. Ke7 Ke5 90. Ra4 Be4 91. Ra7 Bd5 92. Rc7 Rf6 93. Rd7 Be6 94. Rc7 Rh6 95. Rc5+ Bd5 96. Rc7 Bc6 97. Kd8 Kd6 98. Rd7+ Bxd7 1/2-1/2

[Event "Satka op"]
[Site "Satka"]
[Date "2010.11.26"]
[Round "8"]
[White "Ivanov, Stepan"]
[Black "Gabaidulina, Olga"]
[Result "1/2-1/2"]
[WhiteElo "2037"]
[BlackElo "1888"]
[PlyCount "104"]
[EventDate "2010.11.13"]
[EventType "swiss"]
[EventRounds "9"]
[EventCountry "RUS"]
[SourceTitle "EXT 2022"]
[Source "ChessBase"]
[SourceDate "2021.10.06"]
[SourceVersion "1"]
[SourceVersionDate "2021.10.06"]
[SourceQuality "1"]

1. d4 Nf6 2. c4 g6 3. Nc3 d5 4. Bg5 Ne4 5. Bh4 Nxc3 6. bxc3 Bg7 7. e3 c5 8. Nf3 Nc6 9. Qb3 dxc4 10. Bxc4 0-0 11. 0-0 Na5 12. Qa4 Nxc4 13. Qxc4 cxd4 14. cxd4 b6 15. Rfc1 Bf5 16. Qc7 Qxc7 17. Rxc7 e6 18. Rac1 Bd3 19. Nd2 Ba6 20. Ne4 Rfc8 21. Nd6 Rxc7 22. Rxc7 Bf8 23. Nxf7 Rc8 24. Rxc8 Bxc8 25. Ne5 Bb7 26. Bd8 b5 27. Nd7 Kf7 28. Nc5 Bd5 29. a3 e5 30. Ba5 exd4 31. exd4 Bxc5 32. dxc5 Ke6 33. f3 Bc6 34. Kf2 Kd5 35. Bb4 Kc4 36. Ke3 a5 37. Bxa5 Kxc5 38. Kf4 Kd4 39. g4 g5+ 40. Kg3 Ke3 41. Bb6+ Ke2 42. f4 gxf4+ 43. Kxf4 Kd3 44. h4 Kc4 45. Ke5 Bd7 46. g5 Be8 47. Ba5 Kd3 48. Kf6 Ke4 49. Kg7 Bg6 50. Kh6 Kf5 51. h5 Be8 52. Bd2 Bf7 1/2-1/2

[Event "Satka Gubernators Cup Juniors"]
[Site "Satka"]
[Date "2010.08.21"]
[Round "8"]
[White "Gabaidulina, Olga"]
[Black "Ivanov, Stepan"]
[Result "1/2-1/2"]
[WhiteElo "1885"]
[BlackElo "2072"]
[PlyCount "87"]
[EventDate "2010.08.16"]
[EventType "swiss"]
[EventRounds "9"]
[EventCountry "RUS"]
[SourceTitle "EXT 2022"]
[Source "ChessBase"]
[SourceDate "2021.10.06"]
[SourceVersion "1"]
[SourceVersionDate "2021.10.06"]
[SourceQuality "1"]

1. e4 c5 2. Nf3 d6 3. Bb5+ Bd7 4. Bxd7+ Qxd7 5. 0-0 e6 6. c3 Nf6 7. Qe2 Be7 8. d4 cxd4 9. cxd4 0-0 10. Nc3 Nc6 11. Rd1 d5 12. e5 Ne8 13. Bf4 Rc8 14. Rac1 Nc7 15. Ng5 f6 16. exf6 Bxf6 17. Qg4 Nxd4 18. Bxc7 Rxc7 19. Rxd4 Bxd4 20. Qxd4 Rc4 21. Qd3 Rf5 22. Nf3 b5 23. Re1 b4 24. Nd1 Rc1 25. Qd2 Qc8 26. Qxb4 Qc4 27. Qxc4 dxc4 28. Ne3 Rxe1+ 29. Nxe1 Ra5 30. a3 c3 31. bxc3 Rxa3 32. c4 a5 33. Kf1 Kf7 34. Ke2 Ke7 35. N1c2 Ra2 36. Kd3 Rb2 37. c5 a4 38. Nc4 Rb1 39. c6 Kd8 40. N2a3 Rd1+ 41. Ke4 Kc7 42. Ne5 Kb6 43. Nac4+ Kc7 44. Na3 1/2-1/2

[Event "Satka Gubernators Cup Juniors"]
[Site "Satka"]
[Date "2010.08.20"]
[Round "7"]
[White "Gabaidulina, Olga"]
[Black "Nasybullina, Alfia"]
[Result "0-1"]
[WhiteElo "1885"]
[BlackElo "1916"]
[PlyCount "144"]
[EventDate "2010.08.16"]
[EventType "swiss"]
[EventRounds "9"]
[EventCountry "RUS"]
[SourceTitle "EXT 2022"]
[Source "ChessBase"]
[SourceDate "2021.10.06"]
[SourceVersion "1"]
[SourceVersionDate "2021.10.06"]
[SourceQuality "1"]

1. e4 e6 2. d4 d5 3. Nd2 c5 4. exd5 Qxd5 5. Ndf3 Nf6 6. c4 Qe4+ 7. Be3 cxd4 8. Bd3 Bb4+ 9. Kf1 Qc6 10. Nxd4 Qd7 11. h3 Nc6 12. Ngf3 Nxd4 13. Bxd4 Be7 14. Qc2 b6 15. Rd1 Bb7 16. Bxf6 Bxf6 17. Bxh7 Qc6 18. Bd3 0-0-0 19. Re1 Rd4 20. Rg1 Rf4 21. Re3 Rh5 22. Be2 Rhf5 23. g4 Rxf3 24. gxf5 Rxf5 25. Bd3 Rf4 26. Ke1 Bd4 27. Re2 Qc5 28. a3 a5 29. Qd2 e5 30. b4 Qd6 31. c5 Qf6 32. cxb6 e4 33. Qc2+ Bc3+ 34. Kf1 exd3 35. Qxd3 Qd4 36. Rg3 axb4 37. axb4 Bxb4 38. Rc2+ Kb8 39. Qxd4 Rxd4 40. Rxg7 Bf3 41. Rc1 Rd7 42. Rg3 Bh5 43. Rb3 Bd2 44. Rc5 Bd1 45. Rb1 Bf3 46. Rf5 Be4 47. Rbb5 Bxf5 48. Rxf5 Kb7 49. h4 Kxb6 50. f4 Bc3 51. Ke2 f6 52. Kf3 Kc6 53. Rh5 Rg7 54. Ke4 Kd6 55. Rd5+ Ke6 56. f5+ Ke7 57. Rd3 Rg4+ 58. Kd5 Be5 59. Rh3 Kf7 60. h5 Rd4+ 61. Kc6 Kg7 62. h6+ Kh7 63. Kc5 Rf4 64. Rh5 Rd4 65. Rh1 Rd8 66. Rh4 Bg3 67. Rg4 Rg8 68. Rxg8 Kxg8 69. Kd5 Kh7 70. Ke4 Kxh6 71. Kf3 Bd6 72. Kg4 Bc7 0-1

[Event "Satka Gubernators Cup Juniors"]
[Site "Satka"]
[Date "2010.08.19"]
[Round "5"]
[White "Vanishvili, Mari"]
[Black "Gabaidulina, Olga"]
[Result "1-0"]
[WhiteElo "1838"]
[BlackElo "1885"]
[PlyCount "107"]
[EventDate "2010.08.16"]
[EventType "swiss"]
[EventRounds "9"]
[EventCountry "RUS"]
[SourceTitle "EXT 2022"]
[Source "ChessBase"]
[SourceDate "2021.10.06"]
[SourceVersion "1"]
[SourceVersionDate "2021.10.06"]
[SourceQuality "1"]

1. e4 e5 2. Nf3 Nc6 3. Nc3 Nf6 4. d4 exd4 5. Nxd4 Bb4 6. Nxc6 bxc6 7. Bd3 0-0 8. 0-0 d5 9. exd5 cxd5 10. Bg5 c6 11. Na4 Qd6 12. c3 Ba5 13. Bc2 Bc7 14. g3 Bh3 15. Re1 h6 16. Bf4 Qd8 17. Bxc7 Qxc7 18. Nc5 Qb6 19. b4 a5 20. a3 axb4 21. axb4 Rxa1 22. Qxa1 d4 23. Re7 dxc3 24. Rb7 Qd8 25. Qxc3 Qd5 26. f3 Rd8 27. Bb3 Qf5 28. Bxf7+ Kh8 29. Ba2 Rd1+ 30. Kf2 Rf1+ 31. Ke2 Rxf3 32. Qd4 Qc2+ 33. Kxf3 Bg4+ 34. Kf4 Qf5+ 35. Ke3 Qf3+ 36. Kd2 Qd1+ 37. Kc3 Qa1+ 38. Kc4 Qxa2+ 39. Kd3 Qb1+ 40. Kc4 Be2+ 41. Nd3 Qc2+ 42. Qc3 Qa2+ 43. Kd4 Qd5+ 44. Ke3 Qf3+ 45. Kd4 c5+ 46. Nxc5 Qg4+ 47. Ke5 Qg5+ 48. Kd6 Qd5+ 49. Kc7 Ne8+ 50. Kb8 Bf3 51. Qd3 Qe5+ 52. Ka7 Bxb7 53. Nxb7 Qe7 54. b5 1-0

[Event "Satka Gubernators Cup Juniors"]
[Site "Satka"]
[Date "2010.08.18"]
[Round "4"]
[White "Gabaidulina, Olga"]
[Black "Vyalykh, Anastasiya"]
[Result "1-0"]
[WhiteElo "1885"]
[BlackElo "1793"]
[PlyCount "71"]
[EventDate "2010.08.16"]
[EventType "swiss"]
[EventRounds "9"]
[EventCountry "RUS"]
[SourceTitle "EXT 2022"]
[Source "ChessBase"]
[SourceDate "2021.10.06"]
[SourceVersion "1"]
[SourceVersionDate "2021.10.06"]
[SourceQuality "1"]

1. e4 e5 2. Nf3 Nc6 3. Bb5 a6 4. Ba4 Nf6 5. 0-0 b5 6. Bb3 Bc5 7. c3 d6 8. d3 Bg4 9. h3 Bh5 10. Nbd2 0-0 11. Re1 Na5 12. Bc2 Nc6 13. Nf1 h6 14. Ng3 Bg6 15. Nh4 Nxe4 16. d4 Qxh4 17. Bxe4 exd4 18. Bxc6 dxc3 19. Bxa8 Qxg3 20. Qf3 Qxf3 21. Bxf3 Bb4 22. Re7 cxb2 23. Bxb2 c5 24. Bb7 a5 25. Ba6 Rb8 26. a3 Bd2 27. Rd1 Bf4 28. g3 Bc2 29. Rde1 Bg5 30. Re8+ Rxe8 31. Rxe8+ Kh7 32. f4 Bf6 33. Bxf6 gxf6 34. Bxb5 d5 35. Kf2 c4 36. Ke3 1-0